00666nam a22002057a 450000500170000001000110001702000100002803500110003803700160004904000120006508200170007710000150009424501310010926000440024027000400028430000260032450000510035065000200040165000390042120170124110015.0 a944188 c00.00 a944188 bCen Lib/Ret aDPLbEN a301.426bKHA aKhan, M.E. aFamily planning among muslims in india :cby M.E. Khan ba study of the reproductive behaviour of muslims in a urban setting / bManohar Publications c1979aNew Delhi  bNew Delhi a2, ansari road e110002 aviii, 198p.c20cm(Hb) aIncludes bibliographical references and index  aSocial science  aFamily planning xMuslims zIndia